اصول تصفت (Record no. 26293)

MARC details
000 -LEADER
fixed length control field 00336nam a2200133Ia 4500
008 - FIXED-LENGTH DATA ELEMENTS--GENERAL INFORMATION
fixed length control field 230718s9999 xx 000 0 und d
082 ## - DEWEY DECIMAL CLASSIFICATION NUMBER
Classification number 425
Item number احم-ا
100 ## - MAIN ENTRY--AUTHOR
Author Name احمد، چویدری سعیر
245 #0 - TITLE STATEMENT
Title اصول تصفت
260 ## - PUBLICATION, DISTRIBUTION, ETC.
Place of Publication Pakistan
Name of publisher, distributor, etc. مقرر بکا ھاؤس
Date of publication, distribution, etc. -
300 ## - PHYSICAL DESCRIPTION
Pages 240
650 ## - SUBJECT ADDED ENTRY--TOPICAL TERM
Subject / Department Law
952 ## - LOCATION AND ITEM INFORMATION (KOHA)
-- 0
-- 0
Holdings
Lost status Damaged status Permanent Location Current Location Date acquired Full Call Number Accession No./Barcode Date last seen item type
    Superior Information Resource Center (SIRC) Superior University-Law Campus Superior Information Resource Center (SIRC) Superior University-Law Campus 07/18/2023 425 احم-ا 21245 07/18/2023 BOOK

Powered by Koha